El derecho internacional de la salud a la luz de la paz y seguridad internacionales

Bibliographic Details
Main Author: Gallego Hernǹdez, Ana Cristina
Format: eBook
Language:Spanish
Published: Madrid: Dykinson, 2019
Subjects:
Online Access:Acceso restringido

MARC

LEADER 00000nam a22000007a 4500
005 20200521224329.0
007 cr|||| ||||
008 200521s2019 es |||||s|||| 00||0 spa d
020 |a 978-84-1324-501-0 
035 |a 31416 
040 |a vLex 
090 |c 10371  |d 10371 
100 1 |a Gallego Hernǹdez, Ana Cristina 
245 1 2 |a El derecho internacional de la salud a la luz de la paz y seguridad internacionales  |h [Recurso electrn̤ico] /  |c Ana Cristina Gallego Hernǹdez 
256 |a Servicio en ln̕ea 
260 |a Madrid:  |b Dykinson,  |c 2019 
300 |a 1 recurso electrn̤ico 
506 1 |a Disponible solo en los productos indicados  |d vLex Global  |d vLex Global (Academic Edition, excluding Law Schools)  |d vLex Global (U.S. Academic Edition, Law Schools)  |d vLex Global (U.S. Academic Edition, excluding Law Schools)  |d vLex Global (Academic Edition, Law Schools) 
650 0 4 |a Derecho Internacional  |z Espaą 
740 0 |a vLex Libros (Servicio en ln̕ea) 
856 4 0 |u http://vlex.com/source/derecho-internacional-salud-luz-paz-seguridad-internacionales-31416  |z Acceso restringido 
942 |c BOOK 
999 0 |a International right